Quiz sur les Landes - Statistiques

Statistiques générales
  • Ce quiz a été pris 913 fois
  • Le résultat moyen est 14 sur 20
Statistiques - réponses
Question Réponse % Correct
Numéro du département 40
99%
Région Nouvelle-Aquitaine
97%
Préfecture et plus grande ville Mont-de-Marsan
95%
Sous-préfecture Dax
92%
Gironde
92%
Pyrénées-Atlantiques
88%
Sport très pratiqué dans le département et dont une manche du championnat du monde se tient à Soorts-Hossegor Surf
85%
Départements limitrophes Gers
81%
Les Landes sont le département avec la plus grande surface ... de France métropolitaine Forestière
76%
Gentilé Landais
74%
Lot-et-Garonne
71%
Ancienne province qui s'étendait sur le territoire des Landes et donne aujourd'hui son nom à un golfe. Gascogne
70%
Troisième commune la plus peuplée du département et station balnéaire reconnue à seulement 25 kilomètres de la Dune du Pyla. Biscarosse
61%
Restauratrice des Landes connue pour ses différentes interventions à la télévision et son assommement d'anguille Maïté
58%
Légume dont les Landes sont le premier producteur en France et dont l'espèce des Sables des Landes dispose d'une Indication Géographique Protégée. Asperge
52%
Bien que de soit un fromage aveyronnais, un village des Landes possède le même nom que ce fromage AOP. Roquefort
46%
Élément chimique qui donne son nom à la côte du département Argent
40%
La sous-préfecture se dispute souvent avec Balaruc le titre de ... la plus fréquentée. Station thermale
30%
Les Landes sont le département qui accueille le plus grand nombre de kilomètre de ces célèbres sentiers. Chemins de Saint-Jacques-de-Compostelle
28%
Nombre d'habitants (arrondi à la dizaine de milliers d'habitants) 410 000 (407 444)
21%
Aucun quiz correspondant
Distribution des résultats
% des personnes avec chaque résultat
Percentile par nombre de réponses
Votre historique - résultats
Vous n’avez pas pris ce quiz